Statistics for Alkali Metals

Click here to take the quiz!

General Stats

  • This quiz has been taken 394 times
  • The average score is 5 of 6

Answer Stats

Atomic NumberElement% Correct
3Lithium
98%
11Sodium
90%
19Potassium
86%
87Francium
74%
37Rubidium
62%
55Caesium
59%

Score Distribution

Percentile by Number Answered

Percent of People with Each Score

Your Score History

You have not taken this quiz